000 00277nam a22001217a 4500
008 180124b xxu||||| |||| 00| 0 eng d
041 _aeng
080 _22nd
_a159.9
100 _a48
101 _aPSI
245 _aDementia a clinical approach
_cCummings,J.L
942 _2udc
_cBK
999 _c40873
_d40873